| 000 | 00680nam a22002057a 4500 | ||
|---|---|---|---|
| 999 |
_c18508 _d18508 |
||
| 003 | AR-CdUCM | ||
| 008 | 190514b ||||| |||| 00| 0 spa d | ||
| 040 |
_aMUNICIPALIDAD PROVINCIAL DEL CUSCO _cBIBLIOTECA MUNICIPAL DEL CUSCO |
||
| 082 |
_22ed. _a370.4 / _bM77 |
||
| 100 |
_aMantovani, Juan _9125 |
||
| 245 | _aLa crisis de la educación / | ||
| 260 |
_aBuenos Aires : _bColumba, _c1961. |
||
| 300 |
_a60 páginas ; _c21 cm. |
||
| 505 | _aContenido : Panorama de nuestra época -- La crisis de la educación contemporánea ... | ||
| 650 |
_aEducación _9460 |
||
| 650 |
_aContemporánea _9585 |
||
| 650 |
_aArgentina _9511 |
||
| 942 |
_2ddc _cLIBROS |
||
| 945 |
_arah _d2019/05/14 |
||